Normal view
MARC view
- Ravishankar, Anushka
Entry Nombre Personal
001 - NUMERO DE CONTROL
- campo de control: 36977
003 - IDENTIFICADOR DE NUMERO DE CONTROL
- campo de control: UPN
005 - FECHA Y HORA DE LA ÜLTIMA TRANSACCIÓN
- campo de control: 20210219194520.0
008 - DATOS DE LONGITUD FIJA
- campo de control de longitud fija: nabaccnnaabn|||||||||| b |nc|||||d
035 ## - NUMERO DE CONTROL
- Número de control: UPN11000009084
040 ## - FUENTE DE CATALOGACIÓN
- Lenguaje de catalogación: SPA
- Agencia de transcripción: UPN
100 1# - ENCABEZAMIENTO - NOMBRE PERSONAL
- Nombre personal: Ravishankar, Anushka
670 ## - FUENTE EN LA QUE SE LOCALIZARON DATOS
- Cita de la fuente: LC/P
680 ## - NOTA PUBLICA DE ACCESO PÚBLICO
- Frase explicativa de la referencia: Escritora y editora hindú. Ha escrito más de veinticinco libros para niños, muchos de los cuales han sido publicados internacionalmente y varios han ganado premios internacionales
902 ## - CATALOGADOR
- Catalogador: MITM/130515
